000 00349nam a2200145 i 4500
001 bg
245 0 _aDiagnostika metalliceskich poroskov /
_cV. Ja. Bulanov [et al.].
260 _aMoskva,
_c1983.
700 1 _aBulanov, V. Ja.
040 _cBPK
041 _apol
080 _a621.762
942 _cKS
008 s pl f |000 0 pol
999 _c22464
_d22464
856 _uhttp://koha.tu.koszalin.pl/cgi-bin/koha/opac-detail.pl?biblionumber=22464
_yKatalog online BPK